Build your vocabulary 3

Bibliographic Details
Main Author: Flower, John
Other Authors: Berman, Michael
Format: Book
Published: England : Language Teaching Publications , 1989
Subjects:

MARC

LEADER 00000cam a2200000 7i4500
001 0000005215
002 000005637
005 20000330.0
020 |a 0906717787 
090 0 0 |a 428.2   |b FLO 
100 1 |a Flower, John 
245 1 0 |a Build your vocabulary 3   |c John Flower and MichaelBerman 
260 |a England :   |b Language Teaching Publications ,   |c 1989 
300 |a 96 p. :   |b ill ;   |c 23 cm. 
650 0 0 |a English language   |x Vocabulary 
700 1 |a Berman, Michael 
999 |a 030408   |b BUKU   |c PINJAMAN   |e PERPUSTAKAAN KOMUNITI PETALING JAYA